| 000 | 01083cam a22002535a 4500 | ||
|---|---|---|---|
| 005 | 20260312163044.0 | ||
| 008 | 260312t2024 xxk fo 000 0 spa d | ||
| 020 | _a9781783215508 | ||
| 041 | 0 | _aspa | |
| 110 | 2 |
_aRoyal Institution of Chartered Surveyors _94900 |
|
| 245 | 0 | 0 |
_aValoración RICS – Normas Internacionales _h[electronic resource] |
| 246 | _aSpanish translation of RICS Valuation Global Standards | ||
| 260 |
_aLondon, _bRICS, _cDecember 2024 |
||
| 300 | _a195p. | ||
| 490 | _aRICS Red Book | ||
| 500 | _aLa versión en inglés de la publicación Valoración RICS – Normas Internacionales de RICS es la única versión oficial de estas normas y será la fuente de consulta decisiva a efectos regulatorios | ||
| 520 | _aPublished December 2024, effective from 31 Jan 2025 | ||
| 650 | 2 | 4 | _aRED BOOK |
| 650 | 2 | 4 | _aGLOBAL VALUATION STANDARDS 2022 |
| 651 | 4 | _aInternational | |
| 690 |
_aValuation _96273 |
||
| 856 | 4 | 0 |
_uhttps://www.rics.org/content/dam/ricsglobal/documents/standards/Red-Book-Global-Spanish.pdf _zAvailable on RICS.org |
| 942 |
_n0 _2ddc |
||
| 999 |
_c122327 _d122327 |
||